| 000 | 00799nam a22002531c 4500 | ||
|---|---|---|---|
| 001 | a987674002 | ||
| 008 | 150630s2003 gw a||| 000u ger d | ||
| 020 |
_a3525362706 _93-525-36270-6 |
||
| 041 | _ager | ||
| 100 | 1 | _aFrevert, Ute | |
| 245 | 0 | 0 |
_aVertrauen : _bHistorische Annäherungen / _chrsg. von Ute Frevert |
| 264 |
_aGöttingen : _bVandenhoeck & Ruprecht, _c2003 |
||
| 300 | _a430 S. : Ill | ||
| 336 |
_aText _btxt _2rdacontent |
||
| 337 |
_aComputermedien _bc _2rdamedia |
||
| 338 |
_aOnline-Ressource _bcr _2rdacarrier |
||
| 500 | _aOnline Ressource, frei zugänglich | ||
| 650 | 0 | _aTheorie | |
| 650 | 0 | _aMentalitätsgeschichte | |
| 856 | 4 | _uhttp://nbn-resolving.de/urn/resolver.pl?urn=urn:nbn:de:bvb:12-bsb00050991-0 | |
| 942 | _cEB | ||
| 040 | _cRU-10907106 | ||
| 003 | RU-10907106 | ||
| 999 |
_c37528 _d37528 |
||